Eurovision Song Contest Participants (2000-2020) - Statistics

General Stats
  • This quiz has been taken 77 times
  • The average score is 28 of 46
Answer Stats
Hint Answer % Correct
Germany 2010, 2011 Lena
95%
Austria 2014 Conchita Wurst
93%
Norway 2009, 2018 Alexander Rybak
91%
Sweden 2012 Loreen
89%
Netherlands 2019 Duncan Laurence
86%
Ukraine 2016 Jamala
86%
Cyprus 2018 Eleni Foureira
82%
Italy 2015 Il Volo
82%
Switzerland 2019 Luca Hanni
80%
San Marino 2016, 2019 Serhat
80%
Denmark 2013 Emmelie de Forest
77%
Australia 2015 Guy Sebastian
77%
Portugal 2017 Salvador Sobral
77%
Greece 2005 Helena Paparizou
75%
Belgium 2015 Loïc Nottet
68%
Turkey 2009 Hadise
66%
Montenegro 2015 Knez
66%
Bulgaria 2017 Kristian Kostov
66%
France 2017 Alma
64%
Czech Republic 2018 Mikolas Josef
64%
Russia 2015 Polina Gagarina
64%
North Macedonia 2019 Tamara Todevska
64%
Malta 2002, 2016 Ira Losco
61%
Latvia 2002 Marie N
59%
Iceland 2009 Yohanna
59%
Azerbaijan 2009 Aysel & Arash
57%
Bosnia & Herzegovina 2006 Hari Mata Hari
57%
Serbia 2007 Marija Serifovic
57%
Moldova 2018 DoReDoS
55%
Hungary 2016 Freddie
55%
Finland 2018 Saara Aalto
55%
Spain 2012 Pastora Soler
50%
Israel 2016 Hovi Star
48%
Georgia 2015 Nina Sublatti
48%
Ireland 2018 Ryan O'Shaughnessy
48%
Lithuania 2016 Donny Montell
45%
Estonia 2018 Elina Nechayeva
45%
Armenia 2016 Iveta Mukuchyan
45%
United Kingdom 2017 Lucie Jones
43%
Albania 2015 Elhaida Dani
39%
Croatia 2016 Nina Kraljic
39%
Andorra 2008 Gisela
36%
Romania 2017 Ilinca ft. Alex Florea
32%
Poland 2016 Michal Szpak
32%
Belarus 2007 Dmitry Koldun
27%
Slovenia 2001 Nusa Derenda
20%
No matching quizzes found
Score Distribution
Percent of People with Each Score
Percentile by Number Answered
Your Score History
You have not taken this quiz